000 01640nam a2200157 4500
999 _c510235
_d510235
008 190808b ||||| |||| 00| 0 eng d
100 _aMalapi-Nelson, Alcibiades
_97873
245 _aClassical cybernetics and transhumanism: a reply to Richmond's review of the Nature of the machine and the collapse of cybernetics
260 _c2019
300 _ap.64-68.
520 _aSheldon Richmond has written an insightful and exhaustive review of my book The Nature of the Machine and the Collapse of Cybernetics: A Transhumanist Lesson for Emerging Technologies (Palgrave Macmillan 2017). Richmond voices concerns regarding some suggestions I made about the future of humanity vis-à-vis a contemporary cybernetic reinstantiation in the form of Emerging Technologies. He suggests that future cybernetically rooted sciences (and the transhumanist technologies that come along with them) can pose peril for the human condition. This reply is intended to clarify certain points that Richmond brings up, by means of (a) responding to his suggestion that cybernetics and transhumanism could be independently understood, and (b) unveiling a metaphysical and ethical stance, shared by Richmond, critical to the observations I made regarding a “cybernetically organized mankind” made possible by Emerging Technologies. I identify Richmond’s position as (a) precautionary in nature, (b) for reasons perhaps more ethical than epistemological, somewhat out of sync with the cybernetic ethos. - Reproduced.
650 _aInformation technology
_97874
773 _aPhilosophy of the Social Sciences
906 _aCybernetics
942 _2ddc
_cAR